| 000 | 00765nam a2200229 a 4500 | ||
|---|---|---|---|
| 001 | 12185 | ||
| 003 | CO-ViMGA | ||
| 008 | 141112s2004 ck r 000 u spa d | ||
| 020 | _a8428313768 | ||
| 040 |
_aCO-ViMGA _bspa _cCO-ViMGA |
||
| 082 | 0 | 4 | _aMEVIECAR.642 L592 |
| 100 | 1 |
_aLEPAPE, Olivier _917264 |
|
| 245 | 1 | 0 | _aProgramación del Z80 con ensamblador |
| 250 | _a2 | ||
| 260 |
_aMadrid, _cEd. Paraninfo S.A., _c1985 |
||
| 300 | _a114 p., diagrs. | ||
| 590 | _aForma de adquisición : compra - - Precio : 7.000 - - Proveedor : FIS - - Fecha de adquisición : Sept. 23, 2000 | ||
| 650 | 1 | 4 |
_aENSAMBLAJE - COMPUTADORES ELECTRONICOS _917265 |
| 650 | 1 | 4 | _aLENGUAJES DE PROGRAMACION |
| 650 | 1 | 4 |
_aPROGRAMACION - COMPUTADORES ELECTRONICOS _917266 |
| 942 |
_2ddc _cBK |
||
| 999 |
_c23199 _d23199 |
||